Shakespeare Who Said That?- Romeo and Juliet - Statistics

General Stats
  • This quiz has been taken 16 times
  • The average score is 7 of 10
Answer Stats
Quote Character % Correct
"A plague o'both your houses!" (III.1) Mercutio
92%
"Go, girl, seek happy nights to happy days." (I.3) Nurse
92%
"My child is yet a stranger in the world; she hath not seen the change of fourteen years." (I.2) Capulet
85%
"That which we call a rose by any other word would smell as sweet." (II.2) Juliet
85%
"O, she doth teach the torches to burn bright." (I.5) Romeo
85%
"I do but keep the peace!" (I.1) Benvolio
77%
"These violent delights have violent ends." (II.4) Friar Lawrence
69%
"The love I bear thee can afford no better term than this: thou art a villain." (III.1) Tybalt
69%
"Poor soul, thy face is much abused with tears." (IV.1) Paris
38%
"See what a scourge is laid upon your hate!" (V.3) Prince
38%
No matching quizzes found
Score Distribution
Percent of People with Each Score
Percentile by Number Answered
Your Score History
You have not taken this quiz